Mito y archivo: una teoría de la narrativa lationoamericana

Sábháilte in:
Sonraí bibleagrafaíochta
Príomhchruthaitheoir: González Echevarría, Roberto (Údar)
Formáid: LEABHAR
Teanga:Spáinnis
Foilsithe / Cruthaithe: Ciudad de México Fondo de Cultura Económica 2011
Eagrán:2a. ed
Sraith:Lengua y Estudios Literarios
Ábhair:
Clibeanna: Cuir clib leis
Níl clibeanna ann, Bí ar an gcéad duine le clib a chur leis an taifead seo!

MARC

LEADER 00000cam a2200000 a 4500
001 UCE1643
003 CL-VaPUC
008 140508e20110000mx |||||||||||||||||spa|d
020 |a 9786071606471 
082 0 4 |a 864  |b GON  |2 21 
100 |a González Echevarría, Roberto  |e author  |9 574002 
245 1 0 |a Mito y archivo: una teoría de la narrativa lationoamericana 
250 |a 2a. ed 
300 |a 290 p 
942 |c BK 
945 |d 20140508 16:03:00  |a dcastane 
260 |a Ciudad de México  |b Fondo de Cultura Económica  |c 2011 
650 0 |a Narrativa hispanoamericana  |9 552155 
583 |a last modification  |c 20140508 16:03:00  |k Rodrigo Vera 
490 0 |a Lengua y Estudios Literarios 
999 |c 355383  |d 355381 
952 |0 0  |1 0  |3 erb  |4 0  |6 864_000000000000000_GON_2011  |7 0  |8 A  |9 462088  |a BIBEDU  |b BIBEDU  |i 5077001  |l 4  |o 864 GON 2011  |p 5077001  |r 2023-11-13  |s 2023-11-09  |w 2019-11-23  |y BK  |z Catalogado en:20140508  |k LIT